Statistieken voor Utrecht Trivia Quiz

Klik hier om de quiz te nemen!

Algemene statistieken

  • Deze quiz is 657 keer genomen
  • De gemiddelde score is 11 van 22

Antwoordstatistieken

HintAntwoord% Correct
HoofdstadUtrecht
100%
Aangrenzende provinciesNoord-Holland
98%
Aangrenzende provinciesZuid-Holland
96%
Aangrenzende provinciesGelderland
95%
Grootste steden na de hoofdstadAmersfoort
75%
Hoofdlocatie van het KNMIDe Bilt
69%
Gelovige strook waarbinnen bovenstaande plaats een van de grootste plaatsen in isBiblebelt
61%
Museum met een eigen treinstationSpoorwegmuseum
55%
Omdat de ___________ in deze strook te laag is, breken besmettelijke ziektes als de mazelen hier soms uitvaccinatiegraad
51%
Enige Nederlandse dierentuin met reuzenpanda'sOuwehands Dierenpark Rhenen
47%
Grootschalig evenementencomplex aan de andere kant van het Centraal StationJaarbeurs
46%
Stad net ten westen van de hoofdstadWoerden
45%
Groot winkelcentrum pal naast het Centraal Station in de hoofdstadHoog Catharijne
43%
Stuwwal waarop deze dierentuin ligtUtrechtse Heuvelrug
34%
Grootste steden na de hoofdstadVeenendaal
32%
Plaats waarin bovenstaande toren staatIJsselstein
31%
Belangrijke slag van 11 tot 13 mei 1940, waar de Duitse inval drie dagen werd tegengehoudenSlag om de {Grebbeberg}
27%
Hoogste bouwwerk van NederlandGerbrandytoren
24%
Naam van bovenstaand treinstationUtrecht Maliebaan
22%
Meer aan de noordgrensEemmeer
20%
Landelijk veenweidegebied rondom bovenstaande plaatsHet Groene Hart
20%
Meetmast van het KNMI, het op-vier-na-hoogste bouwwerk van NederlandMeetmast {Cabauw}
9%

Scoreverdeling

Percentiel versus Aantal Correcte Antwoorden

Procent van Mensen met Elke Score

Uw Scoregeschiedenis

U heeft deze quiz nog niet genomen